000 00582cam a22001577a 4500
008 180718b1984 xxu||||| |||| 00| 0 eng d
082 _aT In8/281-90
100 _aKrueger, Anne O.
245 _aTrade policies in developing countries
_cBy Anne O. Krueger
260 _aWashington, D.C.
_bIBRD
_c1984
300 _a519-69p.
440 _aWorld Bank Reprint Series, 283
500 _aReprinted from, `Handbook of International Economics, ed. by R.W. Jones and R.B. Konen.Vol.I, Chapter II. Amsterdam, Elsevier Science, 1984
650 _aFree Trade And Protection
700 _aIBRD
999 _c225163
_d225163